| 000 | 00867cab a2200217 4500 | ||
|---|---|---|---|
| 001 | L136789 | ||
| 008 | 070223n2007 000 0 eng u | ||
| 035 | _a(Sirsi) u136789 | ||
| 041 | 0 | _aeng | |
| 100 | 1 | _aEdwards, Martin | |
| 245 | 0 | 2 | _aA plastic blot on the landscape |
| 260 | _c2007 | ||
| 490 | 0 | 0 |
_aEstates Gazette _v(0707) 17 February 2007, 140(1) |
| 520 | _aCovers a recent decision which held that polytunnels constitute development requiring planning permission and argues that inherent tensions arise between policies that encourage rural diversification and environmental protection. | ||
| 650 | 2 | 4 | _aTOWN AND COUNTRY PLANNING ACT 1990 S55 |
| 650 | 2 | 4 | _aTOWN AND COUNTRY PLANNING (GENERAL PERMITTED DEVELOPMENT) ORDER 1995 |
| 651 | 4 |
_aEngland and Wales _y1543- |
|
| 690 |
_aPlanning and development _96259 |
||
| 700 | 1 | _aMartin, John | |
| 942 | _n0 | ||
| 999 |
_c78442 _d78442 |
||